Cien años de arte en Panamá, 1903-2003 / (Record no. 422)
[ view plain ]
| 000 -LEADER | |
|---|---|
| campo de control de longitud fija | 01463cam a2200337 a 4500 |
| 001 - NÚMERO DE CONTROL | |
| campo de control | 4794447 |
| 005 - FECHA Y HORA DE LA ÚLTIMA TRANSACCIÓN | |
| campo de control | 20220326193310.0 |
| 008 - DATOS DE LONGITUD FIJA--INFORMACIÓN GENERAL | |
| campo de control de longitud fija | 040609s2003 pn a b 000 0 spa c |
| 020 ## - NÚMERO INTERNACIONAL ESTÁNDAR DEL LIBRO | |
| Número Internacional Estándar del Libro | 9962886600 |
| 035 ## - NÚMERO DE CONTROL DEL SISTEMA | |
| Número de control de sistema | (OCoLC)ocm55649151 |
| 035 ## - NÚMERO DE CONTROL DEL SISTEMA | |
| Número de control de sistema | (NNC)4794447 |
| 040 ## - FUENTE DE CATALOGACIÓN | |
| Centro catalogador/agencia de origen | UBY |
| Centro/agencia transcriptor | UBY |
| 042 ## - CÓDIGO DE AUTENTICACIÓN | |
| Código de autenticación | pcc |
| 043 ## - CÓDIGO DE ÁREA GEOGRÁFICA | |
| Código de área geográfica | ncpn--- |
| 082 ## - NÚMERO DE LA CLASIFICACIÓN DECIMAL DEWEY | |
| Número de clasificación | 700.972.87 |
| Número de ítem | P861c |
| 100 ## - ENTRADA PRINCIPAL--NOMBRE DE PERSONA | |
| Nombre de persona | Pedro Luis Prados et all |
| 9 (RLIN) | 2027 |
| 245 00 - MENCIÓN DEL TÍTULO | |
| Título | Cien años de arte en Panamá, 1903-2003 / |
| Mención de responsabilidad, etc. | [editoras, Carmen Alemán y Angela de Picardi ; autores, Pedro Luis Prados ... et al. ; fotografías, Alfredo Máiquez]. |
| 246 3# - FORMA VARIANTE DEL TITULO | |
| Título propio/Titulo breve | 100 años de arte en Panamá, 1903-2003 |
| 260 ## - PUBLICACIÓN, DISTRIBUCIÓN, ETC. | |
| Lugar de publicación, distribución, etc. | [Panamá] : |
| Nombre del editor, distribuidor, etc. | Museo de Arte Contemporáneo, |
| Fecha de publicación, distribución, etc. | [2003?] |
| 300 ## - DESCRIPCIÓN FÍSICA | |
| Extensión | 167 p. : |
| Otras características físicas | ill. (some col.) ; |
| Dimensiones | 29 cm. |
| 500 ## - NOTA GENERAL | |
| Nota general | Includes errata slip. |
| 500 ## - NOTA GENERAL | |
| Nota general | Includes bibliographical references and index. |
| 505 0# - NOTA DE CONTENIDO CON FORMATO | |
| Nota de contenido con formato | Pintura en Panamá, 1870-1950 / Pedro Luis Prados -- Del cincuentenario a la invasión a la invasión, el arte contemporáneo en Panamá, 1950-1990 / Mónica Kupfer -- Hacia el gran cambio / Adrienne Samos -- Reseñas de una evolución artística / Angela de Picardi ... [et al.]. |
| 650 #0 - PUNTO DE ACCESO ADICIONAL DE MATERIA--TÉRMINO DE MATERIA | |
| Término de materia o nombre geográfico como elemento de entrada | Art, Panamanian |
| Subdivisión cronológica | 20th century. |
| 9 (RLIN) | 2028 |
| 700 1# - ENTRADA AGREGADA--NOMBRE PERSONAL | |
| Nombre de persona | Alemán, Carmen. |
| 9 (RLIN) | 2029 |
| 700 1# - ENTRADA AGREGADA--NOMBRE PERSONAL | |
| Nombre de persona | Picardi, Angela de. |
| 9 (RLIN) | 2030 |
| 700 1# - ENTRADA AGREGADA--NOMBRE PERSONAL | |
| Nombre de persona | Prados, Pedro Luis, |
| Fechas asociadas al nombre | 1941- |
| 9 (RLIN) | 2031 |
| 700 1# - ENTRADA AGREGADA--NOMBRE PERSONAL | |
| Nombre de persona | Máiquez, Alfredo. |
| 9 (RLIN) | 2032 |
| 710 2# - ENTRADA AGREGADA--NOMBRE DE ENTIDAD CORPORATIVA | |
| Nombre de entidad corporativa o nombre de jurisdicción como elemento de entrada | Museo de Arte Contemporáneo (Panama, Panama) |
| 9 (RLIN) | 2033 |
| Estatus retirado | Estado de pérdida | Fuente del sistema de clasificación o colocación | Estado de daño | No para préstamo | Biblioteca de origen | Biblioteca actual | Ubicación en estantería | Fecha de adquisición | Total de préstamos | Signatura topográfica completa | Código de barras | Visto por última vez | Precio de reemplazo | Tipo de ítem Koha |
|---|---|---|---|---|---|---|---|---|---|---|---|---|---|---|
| Clasificación Decimal Dewey | Biblioteca LadoV | Biblioteca LadoV | 13/02/2015 | 700.972.87 P861c | 000413 | 13/02/2015 | 13/02/2015 | Material 01 |
